Vysvetliteľnosť a interpretovateľnosť neurónovej siete pri klasifikácii medicínskych obrazových dát

Na minha lista:
Detalhes bibliográficos
Autor principal: Háberová, Ivana (Author)
Outros Autores: Tamajka, Martin (Thesis advisor)
Formato: Manuscrito Livro
Idioma:eslovaco
Publicado em: 2021
Assuntos:
Acesso em linha:http://is.stuba.sk/zp/portal_zp.pl?podrobnosti=148368
Tags: Adicionar Tag
Sem tags, seja o primeiro a adicionar uma tag!

MARC

LEADER 00000ntm a22000003a 4500
001 stuzp85460
003 SK-STU
005 20210626212321.1
007 ta
008 150427s2015----xo-----f-mn---000-0-slo-d
040 |a STU  |b slo 
041 0 |a slo 
100 1 |a Háberová, Ivana  |u 070400  |4 aut  |U FIIT Fakulta informatiky a informačných technológií  |T FIIT Ústav počítačového inžinierstva a aplikovanej informatiky  |X 96866  |U I400  |Y 672  |7 96866 
242 0 1 |a Explainability and interpretability of the neural network in the medical image classification  |y eng 
245 1 0 |a Vysvetliteľnosť a interpretovateľnosť neurónovej siete pri klasifikácii medicínskych obrazových dát 
260 |c 2021 
650 4 |a vysvetliteľnosť  |2 slo 
650 4 |a interpretovateľnosť  |2 slo 
650 4 |a konvolučná neurónová sieť  |2 slo 
650 4 |a umelá inteligencia  |2 slo 
650 4 |a LIME metóda  |2 slo 
650 4 |a convolutional neural network  |2 eng 
650 4 |a explainability  |2 eng 
650 4 |a interpretability  |2 eng 
650 4 |a artificial intelligence  |2 eng 
650 4 |a LIME method  |2 eng 
700 1 |a Tamajka, Martin  |u 070200  |k Z3  |4 ths  |U FIIT Fakulta informatiky a informačných technológií  |T FIIT Ústav informatiky, informačných systémov a softvérového inžinierstva  |X 46174  |U I200  |Y 179  |7 46174 
856 4 |u http://is.stuba.sk/zp/portal_zp.pl?podrobnosti=148368